| 000 | 01086nac a22002531u 4500 | ||
|---|---|---|---|
| 010 | _a 98029248 | ||
| 020 | _a1859848168 | ||
| 020 | _a1859841228 (pbk.) | ||
| 082 | 0 | 0 |
_a320.456109032 _bG8779 |
| 090 |
_c5021 _d5021 |
||
| 100 | _aGrosrichard, Alain, | ||
| 245 | 1 | 4 |
_aThe sultan's court : _bEuropean fantasies of the East / _cAlain Grosrichard ; translated by Liz Heron ; with an introduction by Mladen Dolar. |
| 260 |
_aLondon ; _aNew York : _bVerso,c.1998. _cc.1998. |
||
| 300 |
_axxvii, 222 p. ; _c23 cm. |
||
| 440 | 0 | _aWo es war | |
| 504 | _aIncludes bibliographical references (p. 193-222). | ||
| 650 | 0 |
_aDespotism _zTurkey _xPublic opinion. |
|
| 650 | 0 | _aEast and West. | |
| 651 | 0 |
_aTurkey _xCourt and courtiers _xPublic opinion. |
|
| 651 | 0 |
_aTurkey _xForeign public opinion, Western. |
|
| 856 | 4 | 1 |
_3Table of contents _uhttp://www.loc.gov/catdir/toc/fy035/98029248.html |
| 942 |
_cNB _k320.456109032G8779 |
||
| 999 |
_c5021 _d5021 |
||